00652nam a2200181Ia 4500952015300000999001700153003000400170005001700174008004100191020001800232040000900250082001900259100002500278245007500303260003900378300000900417942004400426 00102ddc40708SOCIAL SCIENCEaMESbMEScSOCIAL SCIENCEd2019-02-20g2690.00l0o306.071 WAL/Ip39383r2019-02-20 00:00:00w2019-02-20yBKzGL41R4 c21915d21915OSt20201019114507.0190216s9999||||xx |||||||||||||| ||und|| a9781412918954 coclc a306.071bWAL/I aWalton, David 95894 0aIntroducing Cultural Studies Learning Through Practice /cDavid Walton bSage Publications,c2008.aLondon: a323p cBK2ddch306.071iWAL/Ik306.071mWAL/I